| 000 | 01038cam a22003014a 4500 | ||
|---|---|---|---|
| 005 | 20260322212052.0 | ||
| 008 | data | ||
| 010 | _a 2005007870 | ||
| 020 | _a1590302443 (hardcover : alk. paper) | ||
| 020 | _a9781590302446 (hardcover : alk. paper) | ||
| 040 |
_aDLC _cDLC _dDLC |
||
| 042 | _apcc | ||
| 043 | _an-us--- | ||
| 050 | 0 | 0 |
_aRJ506.A9 _bS457 2005 |
| 096 | _aWM 203.5 S457 2005 | ||
| 100 | 1 | _aSenator, Susan. | |
| 245 | 1 | 0 |
_aMaking peace with autism : _bone family's story of struggle, discovery, and unexpected gifts / _cSusan Senator. |
| 250 | _a1st ed. | ||
| 260 |
_aBoston, Mass. : _bTrumpeter, _c2005. |
||
| 300 |
_axi, 258 p. ; _c22 cm. |
||
| 504 | _aIncludes bibliographical references. | ||
| 590 | _aIncludes bibliographical references. | ||
| 600 | 1 | 0 | _aSenator, Susan. |
| 650 | 0 |
_aParents of autistic children _zUnited States _vBiography. |
|
| 650 | 0 |
_aAutistic children _zUnited States _xFamily relationships. |
|
| 856 | 4 | 1 |
_3Table of contents _uhttp://www.loc.gov/catdir/toc/ecip059/2005007870.html |
| 001 | data | ||
| 999 |
_c1223 _d1223 |
||